'H' Cartoon Characters by Picture Quiz Stats

Quiz Updated Jan 15, 2016

Challenge
Share
Tweet
Score 0/16 Timer 05:00
9 Plays Today
Character % Correct
Homer Simpson
98.3%
Hercules
92.7%
Happy
90.9%
He-Man
80%
Horton the Elephant
75%
Huey
74.5%
Hamm
66.3%
Hobbes
64.6%
Character % Correct
Helga Pataki
52.5%
Huckleberry Hound
51.1%
Hawkeye
50.5%
Hagar the Horrible
49.1%
Human Torch
44.9%
Hopper
42%
Herbert
41.4%
Heathcliff
41.3%

You're not logged in!

Compare scores with friends on all Sporcle quizzes.
Join for Free
OR
Log In

You Might Also Like...

Show Comments

Extras

Top Quizzes Today


Score Distribution

Your Account Isn't Verified!

In order to create a playlist on Sporcle, you need to verify the email address you used during registration. Go to your Sporcle Settings to finish the process.

Report this User

Report this user for behavior that violates our Community Guidelines.

Details: